Улсын нэр томъёоны комиссын мэдээ (Бичлэгийн дугаар. 7713)

MARC дэлгэрэнгүй
000 -Удирдлага
Ном зүйн бүртгэл тоо буюу кодлох утгыг агуулсан 00793 a2200265 4500
003 - ХЯНАЛТЫН ТОО ТОДОРХОЙЛОГЧ
Код MN-UlNLM
005 - ХАМГИЙН СҮҮЛИЙН ҮЕИЙН ХЭЛЦЛИЙН ОГНОО БА ЦАГ
Тухайн бичилтийг бичсэн засварласан сүүлийн огноо. 20230125121626.0
008 - ЕРӨНХИЙ МЭДЭЭЛЭЛ-ЭЛЕМЕНТҮҮДИЙН ӨГӨГДЛИЙН УРТ
fixed length control field a130s1967 mp ||||| |||| 00| 0 mon d
040 ## - ЭХ СУРВАЛЖИЙГ ТОДОРХОЙЛОН БИЧИХ
Анхны каталогийн байгууллага Монгол Улсын Үндэсний номын сан
041 ## - ХЭЛНИЙ КОД
Текстийн хэлний код/фонограм буюу салангид гарчиг Монгол
084 ## - БУСАД АНГИЛЛЫН ДУГААР
Анги 413Орос
Ангиллын нэр Аравтын ангилал
Зохиогчийн 3-н тэмдэгт У 315
Шинжлэх ухааны мэдлэгийн салбар Хэл шинжлэл - 80
110 ## - ДЭЭД ГАРЧГИЙН МЭДЭЭ
Эрхлэн гаргасан байгууллагын нэр ШУА
245 0# - ҮНДСЭН ГАРЧИГ
Гарчиг Улсын нэр томъёоны комиссын мэдээ
250 ## - ХЭВЛЭЛТИЙН ТУХАЙ МЭДЭЭ
Дахин хэвлэлтийн мэдээ 1
260 1# - ГАРАЛТЫН ТУХАЙ МЭДЭЭ
Хэвлэгдсэн газар УБ
Хэвлэлийн газар ШУАХ
Хэвлэгдсэн он 1967
300 ## - ТООНЫ МЭДЭЭ
Хуудасны тоо 46х
490 ## - БОТИЙН/ЦУВРАЛЫН ТУХАЙ МЭДЭЭ
Ботийн/Цувралын нэр Арьс өнгөний өвчний нэр томьёо
Цувралын дугаар №70
500 ## - НОМЫН ТОВЧ АГУУЛГА
Дэлгэрэнүй тайлбар БНМАУ-ын шинжлэх ухааны хүрээлэн
546 ## - ХЭЛНИЙ ТУХАЙ МЭДЭЭ
Хэл
--
653 ## - ТҮЛХҮҮР ҮГС
Түлхүүр үг Хэл шинжлэл
740 ## - НОМЫН АГУУЛГЫН ГАРЧИГ
Номын гарчгууд А- Я.
856 ## - ЭЛЕКТРОН БАЙРЛАЛ БА ХОЛБООС
Төрөл Хэвлэмэл ном
942 ## - ЭЛЕМЕНТИЙН ТӨРӨЛ
Төрөл Ном
Захиалгууд
Буцаан татагдсан төлөв Хасагдсан шалтгаан Гэмтсэн төлөв Данс заагч Захиалах боломжгүй Үндсэн номын сан Одоогийн байршил Салбар танхим Сан хөмрөг 5 Бүртгэсэн огноо Тавиурын заалт Баркод Үнэ Хамгийн сүүлд байсан огноо Нийт уншлаганд гарсан тоо Хамгийн сүүлд уншлаганд гарсан огноо Төрөл Бүрдүүлэлтийн эх үүсвэр
          МУҮНомын сан салбар МУҮНомын сан салбар МУҮНС салбар | Язгуур танхим 8 давхар МУҮНС салбар | Язгуур танхим 8 давхар 2021-09-01 111892 00111892 1.40 2021-09-01     Ном  
          МУҮНомын сан салбар МУҮНомын сан салбар МУҮНС салбар | Язгуур танхим 8 давхар МУҮНС салбар | Язгуур танхим 8 давхар 2021-09-01 111890 00111890 1.40 2021-09-01     Ном  
          МУҮндэсний Номын сан МУҮндэсний Номын сан МУҮНС төв | Ойр фонд МУҮНС төв | Ойр фонд 2021-09-23 111886 00111886 1.40 2022-08-15 1 2022-08-15 Ном  
          МУҮНомын сан салбар МУҮндэсний Номын сан МУҮНС салбар | Язгуур танхим 8 давхар МУҮНС салбар | Язгуур танхим 8 давхар 2021-09-01 111891 00111891 1.40 2024-09-12 1 2024-09-09 Ном  
          МУҮндэсний Номын сан МУҮндэсний Номын сан МУҮНС төв | Үлдэх нөөц МУҮНС төв | Үлдэх нөөц 2021-09-23 111889 00111889 1.40 2021-09-23     Ном  
        Албан хэрэгцээнд МУҮндэсний Номын сан МУҮндэсний Номын сан МУҮНС төв | Архив фонд төв байр МУҮНС төв | Архив фонд төв байр 2020-08-19 4858 003110004858 1.40 2020-08-19     Ном Бэлэг, хандив